1398 1800 1992 1175 1211 1176 1387 2000 1418 1235 1344 1045 1127 1490 1904 1448 1817 1971 1005 1755 1455 1319 1863 1260 1175 1531 1043 1397 1564 1806 1751 1770 1503 1376 1887 1726 1062 1183 1363 1206 1939 1057 1314 1151 1341 1345 1211 1660 1856 1222 1167 1084 1994 1155 1711 1895 1099 1631 1406 1292 1741 1840 1753 1667 1536 1351 1838 1934 1703 1187 1451 1063 1033 1965 1477 1186 1896 1170 1525 1257 1726 1764 1044 1395 1786 1161 1665 1789 1919 1137 1010 1614 1349 1554 1621 1935 1420 1911 1395 BCNSPRNW ULIB Ver.6.0+V

เปลี่ยนเป็นภาษาไทย

Change to English
 แสดงรายละเอียดบรรณานุกรม
  กลับหน้าหลัก

Brief Record : Get Marc (ISO 2709) : E-mail record : QR code < ปิดหน้าต่าง
LEADER : 00000nam 2200000uu 4500
001    13399122657
003     ULIB
008    020711s2555 th a 000 0 tha d
020    9786167572758
090    นว.^bธ111ล
100    ธนฐา
110    ทัช
245    เล่ห์ร้ายใต้รอยรัก /^cธนฐา
260    นนทบุรี :^bทัช,^c2555
300    232 หน้า
945    ^p160^l0^i20113
999    ^aทศพร เกษรทอง
รายการนี้ยังไม่มีแท็ก
คุณยังไม่ได้ล็อกอิน คุณสามารถมีกิจกรรมร่วมกับเว็บไซต์ได้ แต่ต้องล็อกอินก่อน ::
  ล็อกอิน

รายการสื่อสารสนเทศ

ลำดับที่ ประเภท เลขเรียก/บาร์โค้ด สถานที่ สถานะ
1. นวนิยาย
นวนิยาย
นว. ธ111ล ฉ.1 
  Barcode: 20113
ห้องสมุดวิทยาเขตนครสวรรค์
►นวนิยาย:l:Fiction
บนชั้น

BibComment


ยังไม่เคยถูกคอมเมนท์

คอมเมนท์ทรัพยากรรายการนี้
  คอมเมนท์: เล่ห์ร้ายใต้รอยรั..


 Copyright 2026. Bcnsprnw @Library